[Event "Stay Safe Play From Home 210"]
[Site "T#646654Emanuel Laske"]
[Date "2020.06.08"]
[Round "9"]
[White "Edmatuag"]
[Black "Klasman"]
[Result "1-0"]
[WhiteElo "1719"]
[BlackElo "1566"]
[Annotator "NA"]
[PlyCount "35"]
[EventDate "2020.06.08"]
[EventType "swiss (blitz)"]

1. e4 {[%emt 0:00:03]} f5 {[%emt 0:00:02]} 2. exf5 {[%emt 0:00:02]} Nf6 {[%emt 0:00:01]} 3. g4 {[%emt 0:00:03]} h6 {[%emt 0:00:03]} 4. d4 {[%emt 0:00:03]} d5 {[%emt 0:00:01]} 5. Bg2 {[%emt 0:00:06]} e6 {[%emt 0:00:02]} 6. c4 {[%emt 0:00:03]} exf5 {[%emt 0:00:11]} 7. g5 {[%emt 0:00:02]} hxg5 {[%emt 0:00:04]} 8. Bxg5 {[%emt 0:00:01]} Bb4+ {[%emt 0:00:06]} 9. Nc3 {[%emt 0:00:03]} Qe7+ {[%emt 0:00:05]} 10. Nge2 {[%emt 0:00:02]} dxc4 {[%emt 0:00:21]} 11. Qa4+ {[%emt 0:00:10]} Bd7 {[%emt 0:00:14]} 12. Bxf6 {[%emt 0:00:04]} gxf6 {[%emt 0:00:09]} 13. Qc2 {[%emt 0:00:06]} Nc6 {[%emt 0:00:09]} 14. O-O-O {[%emt 0:00:02]} O-O-O {[%emt 0:00:07]} 15. Nd5 {[%emt 0:00:08]} Qf8 {[%emt 0:00:16]} 16. Qxc4 {[%emt 0:00:01]} Na5 {[%emt 0:00:09]} 17. Qxb4 {[%emt 0:00:05]} Qxb4 {[%emt 0:00:03]} 18. Nxb4 {[%emt 0:00:01] Klasman resigns (Lag: Av=0.53s, max=0.6s)} 1-0

[Event "Stay Safe Play From Home 210"]
[Site "T#646654Emanuel Laske"]
[Date "2020.06.08"]
[Round "9"]
[White "Sadbat1122"]
[Black "little champs"]
[Result "0-1"]
[WhiteElo "1605"]
[BlackElo "2060"]
[Annotator "NA"]
[PlyCount "68"]
[EventDate "2020.06.08"]
[EventType "swiss (blitz)"]

1. e4 {[%emt 0:00:03]} c5 {[%emt 0:00:01]} 2. Nf3 {[%emt 0:00:02]} d6 {[%emt 0:00:00]} 3. c3 {[%emt 0:00:02]} Nf6 {[%emt 0:00:01]} 4. d3 {[%emt 0:00:02]} Nc6 {[%emt 0:00:01]} 5. Be2 {[%emt 0:00:02]} g6 {[%emt 0:00:00]} 6. O-O {[%emt 0:00:02]} Bg7 {[%emt 0:00:01]} 7. Bg5 {[%emt 0:00:03]} O-O {[%emt 0:00:02]} 8. Qc1 {[%emt 0:00:02]} b5 {[%emt 0:00:04]} 9. a3 {[%emt 0:00:02]} a5 {[%emt 0:00:01]} 10. Bh6 {[%emt 0:00:02]} Be6 {[%emt 0:00:01]} 11. Bxg7 {[%emt 0:00:02]} Kxg7 {[%emt 0:00:01]} 12. Ng5 {[%emt 0:00:02]} Bd7 {[%emt 0:00:01]} 13. Nf3 {[%emt 0:00:02]} b4 {[%emt 0:00:01]} 14. axb4 {[%emt 0:00:02]} axb4 {[%emt 0:00:01]} 15. Rxa8 {[%emt 0:00:02]} Qxa8 {[%emt 0:00:01]} 16. cxb4 {[%emt 0:00:02]} Nxb4 {[%emt 0:00:01]} 17. Nc3 {[%emt 0:00:02]} Qa6 {[%emt 0:00:02]} 18. d4 {[%emt 0:00:03]} c4 {[%emt 0:00:01]} 19. e5 {[%emt 0:00:06]} Ne8 {[%emt 0:00:02]} 20. Qg5 {[%emt 0:00:03]} f6 {[%emt 0:00:02]} 21. exf6+ {[%emt 0:00:05]} Nxf6 {[%emt 0:00:01]} 22. Qg3 {[%emt 0:00:08]} d5 {[%emt 0:00:05]} 23. Ne5 {[%emt 0:00:03]} Be6 {[%emt 0:00:02]} 24. Bf3 {[%emt 0:00:05]} Qb6 {[%emt 0:00:03]} 25. Rd1 {[%emt 0:00:03]} Rd8 {[%emt 0:00:03]} 26. h4 {[%emt 0:00:02]} Bf5 {[%emt 0:00:11]} 27. h5 {[%emt 0:00:03]} Nc2 {[%emt 0:00:02]} 28. hxg6 {[%emt 0:00:03]} hxg6 {[%emt 0:00:02]} 29. Bxd5 {[%emt 0:00:04]} Nxd5 {[%emt 0:00:13]} 30. Qg5 {[%emt 0:00:08]} Qf6 {[%emt 0:00:06]} 31. Qc1 {[%emt 0:00:03]} Nxd4 {[%emt 0:00:06]} 32. Nxc4 {[%emt 0:00:06]} Nxc3 {[%emt 0:00:03]} 33. Rxd4 {[%emt 0:00:12]} Ne2+ {[%emt 0:00:02]} 34. Kh2 {[%emt 0:00:03]} Rh8+ {[%emt 0:00:03] Sadbat1122 resigns (Lag: Av=0.93s, max=1.3s)} 0-1

[Event "Stay Safe Play From Home 210"]
[Site "T#646654Emanuel Laske"]
[Date "2020.06.08"]
[Round "9"]
[White "Timbre"]
[Black "Fingerfehler1"]
[Result "1-0"]
[WhiteElo "1572"]
[BlackElo "1635"]
[Annotator "NA"]
[PlyCount "61"]
[EventDate "2020.06.08"]
[EventType "swiss (blitz)"]

1. d4 {[%emt 0:00:13]} d5 {[%emt 0:00:01]} 2. Nf3 {[%emt 0:00:01]} Nf6 {[%emt 0:00:01]} 3. c3 {[%emt 0:00:01]} e6 {[%emt 0:00:00]} 4. Bf4 {[%emt 0:00:01]} c5 {[%emt 0:00:01]} 5. e3 {[%emt 0:00:01]} Nc6 {[%emt 0:00:01]} 6. Bd3 {[%emt 0:00:01]} cxd4 {[%emt 0:00:02]} 7. exd4 {[%emt 0:00:02]} h6 {[%emt 0:00:01]} 8. Nbd2 {[%emt 0:00:01]} g5 {[%emt 0:00:01]} 9. Bg3 {[%emt 0:00:02]} Nh5 {[%emt 0:00:01]} 10. Qe2 {[%emt 0:00:01]} Nxg3 {[%emt 0:00:01]} 11. hxg3 {[%emt 0:00:01]} Bg7 {[%emt 0:00:02]} 12. Bb5 {[%emt 0:00:03]} Bd7 {[%emt 0:00:02]} 13. Kf1 {[%emt 0:00:01]} Qb6 {[%emt 0:00:04]} 14. Bxc6 {[%emt 0:00:04]} bxc6 {[%emt 0:00:04]} 15. Nb3 {[%emt 0:00:05]} a5 {[%emt 0:00:09]} 16. Kg1 {[%emt 0:00:02]} a4 {[%emt 0:00:02]} 17. Nc5 {[%emt 0:00:02]} Rb8 {[%emt 0:00:06]} 18. b3 {[%emt 0:00:05]} axb3 {[%emt 0:00:08]} 19. axb3 {[%emt 0:00:02]} Bf8 {[%emt 0:00:02]} 20. Nxd7 {[%emt 0:00:03]} Kxd7 {[%emt 0:00:02]} 21. Ne5+ {[%emt 0:00:02]} Ke7 {[%emt 0:00:03]} 22. Qf3 {[%emt 0:00:04]} Rh7 {[%emt 0:00:06]} 23. Ng4 {[%emt 0:00:05]} f5 {[%emt 0:00:05]} 24. Ne5 {[%emt 0:00:03]} Bg7 {[%emt 0:00:03]} 25. Qe2 {[%emt 0:00:11]} Qxb3 {[%emt 0:00:08]} 26. Nxc6+ {[%emt 0:00:04]} Kd6 {[%emt 0:00:03]} 27. Nxb8 {[%emt 0:00:02]} Qxb8 {[%emt 0:00:01]} 28. Ra6+ {[%emt 0:00:02]} Kd7 {[%emt 0:00:02]} 29. Qxe6+ {[%emt 0:00:02]} Kd8 {[%emt 0:00:03]} 30. Rd6+ {[%emt 0:00:03]} Kc7 {[%emt 0:00:01]} 31. Rd7+ {[%emt 0:00:04] Fingerfehler1 gibt auf (Lag: Av=0.21s, max=0.3s)} 1-0